000 00422 a2200145 4500
999 _c703
_d703
020 _a9780908310647
050 _aPL8681.9 NYA 1991
100 _aNyawaranda, Vitalis
_eauthor
245 _aBarika remashefu /
_cVitalis Nyawaranda
264 _aHarare :
_bLongman,
_c1991
300 _a146p. :
500 _aPublished in association with the Literature Bureau
650 _aShona Literature
942 _2lcc
_cBK
_h8681.9
_iNYA
_kPL